Legacy (Record no. 1937)

000 -LEADER
fixed length control field 00508nam a22001817a 4500
005 - DATE AND TIME OF LATEST TRANSACTION
control field 20210416110444.0
008 - FIXED-LENGTH DATA ELEMENTS--GENERAL INFORMATION
fixed length control field 210217b1979 ||||| |||| 00| 0 eng d
040 ## - CATALOGING SOURCE
Transcribing agency DLC
Original cataloging agency eng
041 ## - LANGUAGE CODE
Language code of text/sound track or separate title eng
080 ## - UNIVERSAL DECIMAL CLASSIFICATION NUMBER
Universal Decimal Classification number 821.111
Item number S-34
100 ## - MAIN ENTRY--PERSONAL NAME
9 (RLIN) 946
Personal name Schmitz.James h
245 ## - TITLE STATEMENT
Title Legacy
Statement of responsibility, etc. Schmitz.James H
Remainder of title / by: Ace Books
260 ## - PUBLICATION, DISTRIBUTION, ETC.
Place of publication, distribution, etc. New York
Name of publisher, distributor, etc. Ace Books
Date of publication, distribution, etc. 1979
300 ## - PHYSICAL DESCRIPTION
Extent 346 p.
650 #0 - SUBJECT ADDED ENTRY--TOPICAL TERM
9 (RLIN) 247
Topical term or geographic name entry element English literature
653 ## - INDEX TERM--UNCONTROLLED
Uncontrolled term ინგლისური ლიტერატურა
942 ## - ADDED ENTRY ELEMENTS (KOHA)
Source of classification or shelving scheme
Koha item type Books
Holdings
Withdrawn status Lost status Source of classification or shelving scheme Damaged status Not for loan Permanent location Current location Date acquired Inventory number Total Checkouts Full call number Barcode Date last seen Price effective from Koha item type
          Ken Walker International University Ken Walker International University 03/04/2021 1714   821.111 S-34 1714 03/04/2021 03/04/2021 Books
          Ken Walker International University Ken Walker International University 03/05/2021 1784   821.111 S-34 1784 03/05/2021 03/05/2021 Books

Powered by Koha